Finančná úspora pri podnikaní vedie aj cez využívanie daňových rajov
Daňová optimalizácia a mäkké daňové prostredie. Definícia daňového raja. História vzniku daňových rajov. Riziko daňových rajov. Dôvody hľadania daňových rajov. Využiteľné rady k selekcii daňového raja. Najznámejšie daňové raje vo svete. Budúcnosť daňových rajov a šanca pre Slovensko.
Enregistré dans:
| Auteur principal: | |
|---|---|
| Format: | Chapitre de livre |
| Langue: | slovaque |
| Sujets: | |
| Tags: |
Pas de tags, Soyez le premier à ajouter un tag!
|
MARC
| LEADER | 00000naa a2200000 4500 | ||
|---|---|---|---|
| 001 | r034536 | ||
| 005 | 20230911130507.8 | ||
| 041 | 0 | |a slo | |
| 044 | |a SK | ||
| 245 | 1 | 0 | |a Finančná úspora pri podnikaní vedie aj cez využívanie daňových rajov |c Emil Burák |
| 520 | |a Daňová optimalizácia a mäkké daňové prostredie. Definícia daňového raja. História vzniku daňových rajov. Riziko daňových rajov. Dôvody hľadania daňových rajov. Využiteľné rady k selekcii daňového raja. Najznámejšie daňové raje vo svete. Budúcnosť daňových rajov a šanca pre Slovensko. | ||
| 610 | 2 | 0 | |a offshore |
| 610 | 2 | 0 | |a úľavy daňové |
| 610 | 2 | 0 | |a sadzby daňové |
| 610 | 2 | 0 | |a osoby fyzické |
| 610 | 2 | 0 | |a osoby právnické |
| 610 | 2 | 0 | |a systémy daňové |
| 610 | 2 | 0 | |a Slovensko |
| 610 | 2 | 0 | |a história |
| 610 | 2 | 0 | |a podnikanie |
| 100 | 1 | |a Burák, Emil | |